000 01047nam a2200313 a 4500
001 vtls000102642
003 NLI
005 20210601201854.0
008 101125s1965 nyub 001 0 eng
020 _cUSD 1.95
039 9 _y201011251140
_zVLOAD
040 _aNLI
_beng
_cDataSoft
_eAACR2
041 0 _aeng
044 _anyu
082 0 4 _a327.73068
100 1 _aNielsen, Waldeman A.
_9215895
245 1 0 _aAfrican battleline :
_bAmerican policy choices in Southern Africa /
_cby Waldeman A. Nielsen
260 _aNew York :
_bHorper Row,
_c1965
300 _ax, 155 p. :
_bmaps ;
_c20 cm.
500 _aIncludes index
651 0 _aSouth Asia
_xForeign relations
_zUnited States
_9215896
651 0 _aUnited States
_xForeign relations
_zSouth Asia
_9215897
887 _a
901 _a378364
_b07.10.1965
902 _aE327.73068 N554
949 _AVIRTUAITEM
_D10000
_X100
_6PUR000378364ENG
942 _2ddc
_cBKS
999 _aVTLSSORT0080*0200*0400*0410*0440*0820*1000*2450*2600*3000*5000*6510*6511*9010*9020*9490*9991
_c106938
_d106938
999 _aVIRTUA00